ინფორმატიკა;მონაცემი და ინფორმაცია. პერსონალური კომპიუტერი, ოპერციული სისტემა Windous, სტანდარტული და საოფისე პროგრამები.დოკუმენტთა დამუშავების ავტომატიზაცია, ინტერნეტი და ინტრანეტი. / (ბიბ.ჩანაწერი № 38538)
[ მარტივი ფორმატი ]
| 000 -ლიდერი | |
|---|---|
| ფიქსირებული სიგრძის საკონტროლო ველი | 01090nam a2200205Ia 4500 |
| 001 - საკონტროლო ნომერი | |
| საკონტროლო ველი | 4639 |
| 003 - საკონტროლო ნომრის იდენტიფიკატორი | |
| საკონტროლო ველი | GE_BSU |
| 005 - ბოლო ოპერაციის თარიღი და დრო | |
| საკონტროლო ველი | 20190514185056.0 |
| 008 - ფიქსირებული სიგრძის მონაცემთა ელემენტები - ზოგადი ინფორმაცია | |
| ფიქსირებული სიგრძის საკონტროლო ველი | 181216s2001|||| |||||||||||||| ||geo|| |
| 040 ## - კატალოგიზაციის წყარო | |
| Transcribing agency | GE_BSU |
| 041 ## - ენის კოდი | |
| Language code of text/sound track or separate title | geo |
| 080 ## - უნივერსალური ათობითი კლასიფიკაციის ინდექსი | |
| Universal Decimal Classification number | 002 ს–96 |
| 100 ## - მთავარი ჩანაწერი - პიროვნების სახელი | |
| Personal name | სურმანიძე, ზ |
| 9 (RLIN) | 1142 |
| 245 ## - ცნობა სათაურის შესახებ | |
| Title | ინფორმატიკა;მონაცემი და ინფორმაცია. პერსონალური კომპიუტერი, ოპერციული სისტემა Windous, სტანდარტული და საოფისე პროგრამები.დოკუმენტთა დამუშავების ავტომატიზაცია, ინტერნეტი და ინტრანეტი. / |
| Statement of responsibility, etc | ზ. სურმანიძე |
| 264 ## - წარმოების, გამოცემის, დისტრიბუციის და სხვა ცნობები | |
| გამოცემის, წარმოების, დისტრიბუციის... ადგილი | ბათუმი, |
| გამოცემის, წარმოების, დისტრიბუციის... სახელწოდება | 2001. |
| 300 ## - ფიზიკური აღწერა | |
| Extent | 191 გვ.; |
| Dimensions | 20 სმ. |
| 653 ## - INDEX TERM--UNCONTROLLED | |
| Uncontrolled term | ინფორმატიკა. |
| 653 ## - INDEX TERM--UNCONTROLLED | |
| Uncontrolled term | საინფორმაციო ტექნოლოგიები |
| 942 ## - ADDED ENTRY ELEMENTS (KOHA) | |
| Koha item type | წიგნი |
| Source of classification or shelving scheme | |
| ჩამოწერის სტატუსი | დაკარგული ეგზემპლარის სტატუსი | კლასიფიკაციის წყარო ან თაროზე გაწყობის სქემა | დაზიანების სტატუსი | არ გაიცემა | მუდმივი მდებარეობა (დაცვის ადგილი) | ამჟამინდელი ადგილსამყოფელი | თაროზე განთავსების ადგილი | შეძენის თარიღი | ღირებულება, შესყიდვის ნორმალური ფასი | სრული შენახვის შიფრი | შტრიხკოდი | ბოლო ოპერაციის თარიღი | ეგზემპლარის მიმდევრობითი ნომერი (კეტერი?) | ფასის ძალაში შესვლის თარიღი | ეგზემპლარის სახეობა | საჯარო შენიშვნა |
|---|---|---|---|---|---|---|---|---|---|---|---|---|---|---|---|---|
| ტექნოლოგიური ფაკულტეტის ბიბლიოთეკა | ტექნოლოგიური ფაკულტეტის ბიბლიოთეკა | წიგნსაცავი | 2018-12-17 | 5.00 | 002 ს–96 | 8455 | 2018-12-17 | 8455 | 2018-12-17 | წიგნი | 5 ლ. |
